Cities in Poland with more than 1 million metro inhabitants - Statistics

General Stats
  • This quiz has been taken 31 times
  • The average score is 6 of 6
Answer Stats
Starting letter Where the city is located Metro Population Answer % Correct
G Northern 1,080,700 Gdansk
100%
K Southern 1,498,499 Krakow
100%
W Central Eastern 3,269,510 Warsaw
100%
W South Western 1,250,000 Wroclaw
100%
L Central 1,100,000 Lodz
93%
P Western 1,029,021 Poznan
89%
No matching quizzes found
Score Distribution
Percent of People with Each Score
Percentile by Number Answered
Your Score History
You have not taken this quiz